Temas Pb︢licos

Detalles Bibliográficos
Formato: eBook
Lenguaje:español
Publicado: Santiago de Chile : Fundacin̤ Libertad y Desarrollo, 2016 -
Materias:
Acceso en línea:Acceso restringido

MARC

LEADER 00000nam a22000007a 4500
005 2017041106156.0
007 cr|||| ||||
008 170411c20169999cl |||| s|||| 0|||a1spa d
035 |a 14527 
040 |a vLex 
090 |c 6648  |d 6648 
245 0 0 |a Temas Pb︢licos  |h [Recurso electrn̤ico] 
256 |a Servicio en ln̕ea 
260 |a Santiago de Chile :   |b Fundacin̤ Libertad y Desarrollo,  |c 2016 -  
300 |a 1 recurso electrn̤ico 
362 |a Nm︢. 1 (2016) - 
506 0 |a Contenido disponible en los productos indicados  |d vLex Global  |d vLex Global (Academic Edition, excluding Law Schools)  |d vLex Global (U.S. Academic Edition, Law Schools)  |d vLex Global (U.S. Academic Edition, excluding Law Schools)  |d vLex Global (Academic Edition, Law Schools) 
650 0 4 |a Derecho administrativo  |z Chile 
740 0 |a vLex Revistas (Servicio en ln̕ea) 
856 4 0 |u http://vlex.com/source/14527  |z Acceso restringido 
942 |c REV 
999 0 |a Administrative law